[Event "Internet Section 06A g/8'+2\""]
[Site "Dos Hermanas"]
[Date "2004.03.06"]
[Round "3"]
[White "Andreev, Dmitri"]
[Black "Saitua, Guillermo Alberto"]
[Result "0-1"]
[WhiteElo "2152"]
[BlackElo "2044"]
[PlyCount "56"]
[EventDate "2004.03.06"]
[EventType "swiss (blitz)"]
[EventRounds "9"]
[EventCountry "ESP"]
[SourceTitle "CBM 099 Extra"]
[Source "ChessBase"]
[SourceDate "2004.05.04"]
[SourceVersion "1"]
[SourceVersionDate "2004.05.04"]
[SourceQuality "1"]

1. d4 Nf6 2. c4 c6 3. Nc3 d5 4. Nf3 dxc4 5. a4 Bf5 6. e3 e6 7. Bxc4 Bb4 8. 0-0 Nbd7 9. Qe2 Bg6 10. Bd3 Bxd3 11. Qxd3 0-0 12. Rd1 Qe7 13. e4 Rad8 14. Bg5 h6 15. Bh4 e5 16. Qc2 exd4 17. Nxd4 Bxc3 18. bxc3 g5 19. Nf5 Qxe4 20. Qxe4 Nxe4 21. f3 Nxc3 22. Rd3 Ne2+ 23. Kf1 Nf4 24. Rd6 gxh4 25. Rad1 Nd5 26. Rxh6 N7f6 27. Rd4 Ne3+ 28. Kf2 Nxf5 0-1

[Event "Internet Section 06A g/8'+2\""]
[Site "Dos Hermanas"]
[Date "2004.03.06"]
[Round "6"]
[White "Gomez, Guillermo Anibal"]
[Black "Andreev, Dmitri"]
[Result "0-1"]
[WhiteElo "1693"]
[BlackElo "2161"]
[PlyCount "112"]
[EventDate "2004.03.06"]
[EventType "swiss (blitz)"]
[EventRounds "9"]
[EventCountry "ESP"]
[SourceTitle "CBM 099 Extra"]
[Source "ChessBase"]
[SourceDate "2004.05.04"]
[SourceVersion "1"]
[SourceVersionDate "2004.05.04"]
[SourceQuality "1"]

1. d4 d5 2. c4 e6 3. Nf3 Nf6 4. e3 Be7 5. Nc3 0-0 6. Bd2 b6 7. cxd5 exd5 8. Bd3 c5 9. a3 Bg4 10. Be2 Nc6 11. Ne5 Nxe5 12. dxe5 Bxe2 13. Qxe2 Ne8 14. 0-0 Nc7 15. Rad1 f6 16. exf6 Bxf6 17. Bc1 Bxc3 18. bxc3 Qe7 19. Bb2 c4 20. a4 Rae8 21. a5 Qe4 22. Rd4 Qe6 23. Ra1 b5 24. Ba3 Rf6 25. Bb4 a6 26. Rd2 Qe5 27. Rc1 Rh6 28. h3 Rg6 29. Bc5 Ne6 30. Bd4 Qe4 31. f3 Qh4 32. Kh1 Nf4 33. Qf1 Nh5 34. Qe1 Qg5 35. g4 Nf4 36. Qg3 Nd3 37. Rf1 Rge6 38. f4 Qe7 39. Rf3 Re4 40. h4 b4 41. h5 b3 42. g5 b2 43. Rd1 Rxd4 44. cxd4 c3 45. Rxd3 b1Q+ 46. Kh2 Qxd3 47. h6 c2 48. g6 hxg6 49. f5 c1Q 50. h7+ Kh8 51. f6 Qcd2+ 52. Kh3 Qd7+ 53. Kh4 Qe4+ 54. Rf4 Qxf4+ 55. Qxf4 Re4 56. fxg7+ Qxg7 0-1